000 01588nam a2200445 i 4500
001 49760
003 KOSZ 005
005 20200724145208.0
008 071019s1968 pl ab f f |000 0 pol
015 _aUWD 1968/1458
035 _a991037520809705066
035 _a(PL-WaBN)b20061110-48omnis_nlop
035 _ab20061110
035 _a(OCoLC)749262363
035 _a(PL)b0000002006111
035 _a(EXLNZ-48OMNIS_NETWORK)9910315497205606
040 _aWA N
_cWA N
_dKOSZ 005/HR
080 _a637.1/.3(438)
100 1 _aGołębiewski, Tadeusz
_d(1923- )
_eAutor
245 1 0 _aZarys ekonomiki i organizacji mleczarstwa :
_bpodręcznik dla studentów wyższych szkół rolniczych /
_cTadeusz Gołębiewski.
260 _aWarszawa :
_bPaństwowe Wydawnictwo Rolnicze i Leśne,
_c1968.
300 _a267, [1] s. :
_bil., mapy ;
_c23 cm.
336 _aTekst
_btxt
_2rdacontent
337 _aBez urządzenia pośredniczącego
_bn
_2rdamedia
338 _aWolumin
_bnc
_2rdacarrier
380 _aKsiążki
380 _aPublikacje dydaktyczne
385 _mPoziom nauczania
_aSzkoły wyższe
388 _a1901-2000
388 _a1945-1989
504 _aBibliogr.
650 7 _aMleczarstwo
_2DBN
650 7 _aEkonomika rolnictwa
655 7 _aPodręczniki akademickie
_2DBN
658 _aRolnictwo i leśnictwo
710 2 _aPaństwowe Wydawnictwo Rolnicze i Leśne
_4pbl
856 _uhttp://koha.tu.koszalin.pl/cgi-bin/koha/opac-detail.pl?biblionumber=49760
_yKatalog online BPK
942 _2UKD
_cKS
999 _c49760
_d49760